[Event "April TNT"]
[Site "Winnipeg CAN"]
[Date "2014.04.15"]
[Round "3.5"]
[White "Magyar, Peter"]
[Black "Remillard, John"]
[Result "1-0"]
[WhiteElo "1538"]
[BlackElo "1731"]
[PlyCount "87"]
[EventDate "2014.04.01"]
[EventType "swiss"]
[EventRounds "5"]
[EventCountry "CAN"]

1. e3 d5 2. d4 Bf5 3. Nf3 e6 4. c4 Bb4+ 5. Bd2 a5 6. Ne5 Ne7 7. Qa4+ Nbc6 8.
Nxc6 Nxc6 9. cxd5 Qxd5 10. Bxb4 Kd7 11. Bc3 Rhb8 12. f3 b5 13. Qd1 Bg6 14. b3
Qg5 15. Bd2 Bh5 16. Nc3 Qh4+ 17. g3 Qf6 18. Bg2 Nb4 19. O-O c6 20. Ne4 Qe7 21.
Nc5+ Ke8 22. Qe1 Nc2 23. Qf2 Nxa1 24. f4 Qc7 25. Rxa1 a4 26. b4 Ke7 27. f5 e5
28. e4 Rd8 29. d5 Rd6 30. h3 cxd5 31. g4 dxe4 32. Nxe4 Rd4 33. gxh5 Rad8 34. h6
Rxd2 35. Nxd2 Qc2 36. hxg7 Rxd2 37. Qc5+ Qxc5+ 38. bxc5 Rd8 39. Rb1 Kf6 40. c6
Kxf5 41. c7 Rc8 42. Rc1 e4 43. h4 b4 44. Bh3+ 1-0

[Event "April TNT"]
[Site "Winnipeg CAN"]
[Date "2014.04.15"]
[Round "3.5"]
[White "Reimer, Bruce"]
[Black "De Groot, Steven"]
[Result "1-0"]
[WhiteElo "1627"]
[BlackElo "1936"]
[PlyCount "53"]
[EventDate "2014.04.01"]
[EventType "swiss"]
[EventRounds "5"]
[EventCountry "CAN"]

1. c4 Nf6 2. g3 g6 3. Bg2 Bg7 4. Nc3 O-O 5. d4 c6 6. e4 d6 7. Nge2 a6 8. O-O
Qc7 9. h3 Nbd7 10. Be3 e5 11. d5 Ne8 12. a4 f5 13. exf5 gxf5 14. Qd2 Rf6 15.
dxc6 bxc6 16. f4 Bb7 17. fxe5 Nxe5 18. b3 Rd8 19. Bg5 Qb6+ 20. Kh2 d5 21. Bxf6
Nxf6 22. cxd5 cxd5 23. Nd4 Bh6 24. Qd1 Qb4 25. Nxf5 Bg5 26. Ne2 Re8 27. Nf4 1-0

[Event "April TNT"]
[Site "Winnipeg CAN"]
[Date "2014.04.15"]
[Round "3.5"]
[White "Wasserman, Leor"]
[Black "Schulz, Waldemar"]
[Result "1/2-1/2"]
[WhiteElo "2020"]
[BlackElo "1993"]
[PlyCount "115"]
[EventDate "2014.04.01"]
[EventType "swiss"]
[EventRounds "5"]
[EventCountry "CAN"]

1. e4 c5 2. Nc3 Nc6 3. Bb5 Qc7 4. Nf3 e6 5. O-O Nge7 6. d4 Nxd4 7. Nxd4 cxd4 8.
Qxd4 a6 9. Ba4 Nc6 10. Bxc6 Qxc6 11. Re1 b5 12. Bf4 Qc5 13. Qd3 Bb7 14. Rad1
O-O-O 15. e5 Qc6 16. f3 f5 17. Ne2 Bc5+ 18. Kh1 Rhg8 19. Bg5 Rde8 20. Be3 Rd8
21. Bxc5 Qxc5 22. Nd4 g5 23. Nb3 Qc7 24. Qe3 f4 25. Qd4 g4 26. Rd3 gxf3 27.
gxf3 Bc6 28. Nc5 Qb6 29. Red1 Bd5 30. Ne4 Qxd4 31. Rxd4 Kc7 32. b3 d6 33. exd6+
Rxd6 34. c4 Bxe4 35. fxe4 Rxd4 36. Rxd4 Kc6 37. e5 bxc4 38. bxc4 f3 39. Rf4 Kc5
40. h4 Rg2 41. a3 Rc2 42. Rxf3 Rxc4 43. Rd3 Rxh4+ 44. Kg2 Re4 45. Rd6 Rxe5 46.
Rxa6 Re3 47. Ra7 Kd5 48. Kf2 Rb3 49. a4 Ra3 50. Ke2 h5 51. Ra5+ Kd6 52. Kd2 e5
53. Kc2 h4 54. Kb2 Rg3 55. Ra6+ Kc5 56. Rh6 h3 57. a5 Kb4 58. Rh7 1/2-1/2

[Event "April TNT"]
[Site "Winnipeg CAN"]
[Date "2014.04.15"]
[Round "3.5"]
[White "Wolchock, Theo"]
[Black "Lipnowski, Samuel"]
[Result "1/2-1/2"]
[WhiteElo "1933"]
[BlackElo "2238"]
[PlyCount "55"]
[EventDate "2014.04.01"]
[EventType "swiss"]
[EventRounds "5"]
[EventCountry "CAN"]

1. c4 g6 2. g3 Bg7 3. Bg2 Nf6 4. Nc3 O-O 5. d4 d6 6. Nf3 Nbd7 7. O-O e5 8. e4
exd4 9. Nxd4 Ne5 10. b3 Re8 11. f4 Ned7 12. Re1 Nc5 13. Bb2 Bg4 14. Qd2 a5 15.
h3 Bd7 16. Rad1 c6 17. e5 dxe5 18. fxe5 Nh5 19. g4 Ng3 20. Qf4 Qh4 21. Nf3 Bh6
22. Qd4 Qe7 23. Nd5 cxd5 24. e6 f6 25. exd7 Be3+ 26. Kh2 Nf1+ 27. Kh1 Ng3+ 28.
Kh2 1/2-1/2

[Event "April TNT"]
[Site "Winnipeg CAN"]
[Date "2014.04.22"]
[Round "4.5"]
[White "Atem, James"]
[Black "Czarny, Keith"]
[Result "1-0"]
[WhiteElo "1857"]
[BlackElo "1769"]
[PlyCount "115"]
[EventDate "2014.04.01"]
[EventType "swiss"]
[EventRounds "5"]
[EventCountry "CAN"]

1. d4 e6 2. e4 d5 3. e5 c5 4. c3 Nc6 5. Nf3 Bd7 6. Be2 cxd4 7. cxd4 Rc8 8. Bd2
Nge7 9. g4 h6 10. Nc3 Ng6 11. Bd3 Nh4 12. Nxh4 Qxh4 13. Be3 a6 14. a3 Na5 15.
O-O Nc4 16. Bxc4 dxc4 17. f3 h5 18. Bf2 Qg5 19. Ne4 Qf4 20. g5 Bc6 21. Qd2 Qxd2
22. Nxd2 Bd5 23. Rac1 Kd7 24. h4 Be7 25. Kg2 f6 26. gxf6 gxf6 27. exf6 Bxf6 28.
Ne4 Bd8 29. Kh3 Bb6 30. Nf6+ Kd6 31. Bg3+ Ke7 32. Nxd5+ exd5 33. Rce1+ Kf7 34.
Be5 Rhg8 35. Rg1 Rxg1 36. Rxg1 Rg8 37. Rc1 Ba5 38. Kh2 Ke6 39. Rc2 Be1 40. Re2
c3 41. Bg3+ Kd7 42. Bxe1 cxb2 43. Rxb2 b5 44. Re2 Rf8 45. Kg2 Rf4 46. Bf2 Rf5
47. Kg3 a5 48. Re5 Rxe5 49. dxe5 b4 50. axb4 axb4 51. Bd4 Ke6 52. Kf4 b3 53.
Kg5 Kf7 54. f4 Kg8 55. e6 Kf8 56. Kg6 Kg8 57. Kxh5 Kh7 58. Kg5 1-0

[Event "April TNT"]
[Site "Winnipeg CAN"]
[Date "2014.04.22"]
[Round "4.5"]
[White "Avena, Danilo"]
[Black "Leaden, Bruce"]
[Result "1-0"]
[WhiteElo "1759"]
[BlackElo "1602"]
[PlyCount "79"]
[EventDate "2014.04.01"]
[EventType "swiss"]
[EventRounds "5"]
[EventCountry "CAN"]

1. d4 e6 2. c4 d5 3. Nc3 Nf6 4. Bf4 c5 5. e3 cxd4 6. exd4 Bd6 7. Bg5 Nbd7 8.
Nf3 Qa5 9. c5 Be7 10. Bd2 Qd8 11. Bb5 O-O 12. O-O a6 13. Ba4 Ne4 14. Re1 Ndf6
15. Bc2 Nxd2 16. Qxd2 b5 17. Ne5 Qc7 18. Rac1 h6 19. Qd3 b4 20. Ng4 Ne4 21.
Nxe4 dxe4 22. Qxe4 f5 23. Qxa8 fxg4 24. Qe4 Rf5 25. Qxg4 Rg5 26. Qe2 e5 27.
Bb3+ Kh8 28. dxe5 Bg4 29. Qc4 Qc8 30. Qxb4 Bh3 31. Bd5 Bf5 32. Qb7 Qf8 33. c6
Bc8 34. Qb3 Bc5 35. Qc2 Bb6 36. c7 Qe7 37. Qc3 Qf8 38. Re2 Qf4 39. Rd1 Qa4 40.
Bb3 1-0

[Event "April TNT"]
[Site "Winnipeg CAN"]
[Date "2014.04.22"]
[Round "4.5"]
[White "Baron, Gustav"]
[Black "Reimer, Bruce"]
[Result "1-0"]
[WhiteElo "1876"]
[BlackElo "1627"]
[PlyCount "107"]
[EventDate "2014.04.01"]
[EventType "swiss"]
[EventRounds "5"]
[EventCountry "CAN"]

1. Nf3 g6 2. d4 Bg7 3. c4 d6 4. Nc3 h6 5. e4 e5 6. dxe5 dxe5 7. Qxd8+ Kxd8 8.
Bd3 Bg4 9. Nd2 c6 10. f3 Be6 11. Ke2 Nd7 12. b3 Kc7 13. Ba3 Ngf6 14. Rac1 Nh5
15. g3 Bf8 16. Bb2 Rd8 17. Rhd1 Be7 18. Nf1 Bg5 19. Rc2 f5 20. h4 Bf6 21. Nd5+
Bxd5 22. cxd5 Nb8 23. Ba3 Rd7 24. d6+ Kc8 25. exf5 e4 26. Bxe4 Re8 27. Kf2 Rf8
28. Bc5 b6 29. Be3 g5 30. hxg5 hxg5 31. Bxc6 Nxc6 32. Rxc6+ Kb7 33. Rdc1 Be5
34. Rc7+ Rxc7 35. Rxc7+ Kb8 36. Bxg5 Bxd6 37. Rh7 Bc5+ 38. Kg2 Nf6 39. Rh6 Nd5
40. g4 Nc3 41. a4 Re8 42. Re6 Rg8 43. Bf4+ Kb7 44. Nd2 Nd5 45. Kg3 Ne7 46. Kh3
Nd5 47. Bd6 Rh8+ 48. Kg3 Be3 49. Nc4 Bg1 50. Kg2 Bd4 51. Bg3 Nb4 52. Nd6+ Ka6
53. Nb5 Rc8 54. Nxd4 1-0

[Event "April TNT"]
[Site "Winnipeg CAN"]
[Date "2014.04.22"]
[Round "4.5"]
[White "De Groot, Steven"]
[Black "Rutter, Blair"]
[Result "0-1"]
[WhiteElo "1936"]
[BlackElo "1889"]
[PlyCount "94"]
[EventDate "2014.04.01"]
[EventType "swiss"]
[EventRounds "5"]
[EventCountry "CAN"]

1. Nf3 d5 2. c4 e6 3. e3 Nf6 4. d4 c6 5. Be2 Bd6 6. Nc3 Nbd7 7. O-O O-O 8. b3
Re8 9. Bb2 Ne4 10. Nxe4 dxe4 11. Nd2 f5 12. f4 Nf6 13. Qe1 c5 14. Rc1 Qb6 15.
d5 e5 16. Qg3 Qc7 17. fxe5 Bxe5 18. Bxe5 Qxe5 19. Qxe5 Rxe5 20. Nb1 Bd7 21. Nc3
Ne8 22. h3 Nd6 23. Kh2 Rf8 24. Rf2 g6 25. Rcf1 Kg7 26. g4 Rf7 27. gxf5 gxf5 28.
Bh5 Rfe7 29. Rf4 Kf6 30. Rh4 b5 31. Be2 b4 32. Rh6+ Kg7 33. Rxd6 bxc3 34. Rc1
Rf7 35. Bh5 Rfe7 36. Rxc3 f4 37. exf4 Rxh5 38. Re3 Rh4 39. b4 cxb4 40. c5 Bf5
41. Rd8 Rc7 42. c6 Rxf4 43. Kg3 Rf1 44. Rxe4 Bxe4 45. d6 Rxc6 46. d7 Rg6+ 47.
Kh4 Rf4+ 0-1

[Event "April TNT"]
[Site "Winnipeg CAN"]
[Date "2014.04.22"]
[Round "4.5"]
[White "Evans, Jason"]
[Black "Wolchock, Theo"]
[Result "0-1"]
[WhiteElo "1417"]
[BlackElo "1933"]
[PlyCount "74"]
[EventDate "2014.04.01"]
[EventType "swiss"]
[EventRounds "5"]
[EventCountry "CAN"]

1. e4 e5 2. Nf3 d6 3. d3 Nc6 4. c3 f5 5. Be2 Nf6 6. Bg5 Be7 7. Nbd2 fxe4 8.
dxe4 Be6 9. O-O O-O 10. Bc4 Bxc4 11. Nxc4 Kh8 12. Re1 Ng4 13. Bxe7 Nxe7 14. Ne3
Nxe3 15. Rxe3 Qe8 16. Ng5 Qg6 17. Nh3 h6 18. Qe2 Rf6 19. Rg3 Qf7 20. b3 Ng6 21.
Qb5 c6 22. Qd3 d5 23. Re3 Nf4 24. Nxf4 exf4 25. Rf3 dxe4 26. Qxe4 Re8 27. Qd4
b6 28. Kf1 Qe7 29. Qd2 Rd6 30. Qe1 Re6 31. Qd2 Re2 32. Qd1 Qe5 33. Rd3 f3 34.
Rxf3 Qxh2 35. Rh3 Qe5 36. Rd3 Qe4 37. Rd2 Qh4 0-1

[Event "April TNT"]
[Site "Winnipeg CAN"]
[Date "2014.04.22"]
[Round "4.5"]
[White "Lipnowski, Samuel"]
[Black "Wasserman, Leor"]
[Result "0-1"]
[WhiteElo "2238"]
[BlackElo "2020"]
[PlyCount "126"]
[EventDate "2014.04.01"]
[EventType "swiss"]
[EventRounds "5"]
[EventCountry "CAN"]

1. c4 e5 2. Nc3 Nc6 3. g3 Nf6 4. Bg2 Bc5 5. Nf3 O-O 6. O-O d6 7. e3 Bg4 8. h3
Bh5 9. d3 Re8 10. g4 Bg6 11. Nh4 Ne4 12. Nxg6 Nxc3 13. bxc3 hxg6 14. Rb1 Rb8
15. Qa4 e4 16. Bxe4 Rxe4 17. dxe4 Ne5 18. Kg2 Qh4 19. f3 f5 20. exf5 gxf5 21.
Qd1 c6 22. Qe2 b6 23. Bd2 Rf8 24. e4 f4 25. Be1 Qf6 26. Bf2 Qe6 27. Bxc5 dxc5
28. Rfd1 Nxc4 29. Kh2 Ne3 30. Rd3 Qe5 31. Qd2 Rf7 32. Rc1 c4 33. Rd8+ Kh7 34.
Qd6 Qg5 35. Qb8 Qe7 36. Rh8+ Kg6 37. Rd8 Qh4 38. Qd6+ Rf6 39. Qd2 Qg3+ 40. Kh1
Qxf3+ 41. Kg1 Qg3+ 42. Kh1 Qxh3+ 43. Kg1 Qxg4+ 44. Kh1 Kh7 45. Qh2+ Rh6 46.
Qxh6+ gxh6 47. Rd2 f3 48. Rg1 Qh4+ 49. Rh2 Qxe4 50. Rf2 Qh4+ 51. Rh2 Qe4 52.
Rf2 Ng4 53. Rxg4 Qxg4 54. Kh2 h5 55. a4 h4 56. Rd2 Qf4+ 57. Kh3 Qxd2 58. a5 f2
59. Kg2 Qe2 60. a6 f1=R+ 61. Kh3 Rf3+ 62. Kg4 Qe4+ 63. Kg5 Rf5# 0-1

[Event "April TNT"]
[Site "Winnipeg CAN"]
[Date "2014.04.22"]
[Round "4.5"]
[White "Remillard, John"]
[Black "Roy, Rayan"]
[Result "1-0"]
[WhiteElo "1731"]
[BlackElo "1474"]
[PlyCount "79"]
[EventDate "2014.04.01"]
[EventType "swiss"]
[EventRounds "5"]
[EventCountry "CAN"]

1. f4 c5 2. e4 e6 3. Nf3 Nc6 4. Bb5 a6 5. Bxc6 dxc6 6. Nc3 Nf6 7. d3 Be7 8. h3
b5 9. e5 Nd5 10. Ne4 O-O 11. O-O h6 12. Qe2 Rb8 13. c4 bxc4 14. dxc4 Nb6 15.
Be3 Re8 16. Rad1 Qc7 17. Nxc5 Bxc5 18. Bxc5 Na4 19. Bd6 Rxb2 20. Rd2 Rxd2 21.
Qxd2 Qb6+ 22. Nd4 Nc5 23. Qc2 Bd7 24. Rb1 Qa7 25. Kf1 Nb7 26. c5 Rc8 27. f5 Re8
28. fxe6 fxe6 29. Rb6 Rc8 30. Qb3 Nxd6 31. exd6 Qa8 32. Nxe6 Bxe6 33. Qxe6+ Kh7
34. d7 Rf8+ 35. Kg1 Qd8 36. Rxc6 Qf6 37. Qxf6 gxf6 38. Rxf6 Rd8 39. c6 Kg7 40.
Rd6 1-0

[Event "April TNT"]
[Site "Winnipeg CAN"]
[Date "2014.04.22"]
[Round "4.5"]
[White "Schulz, Waldemar"]
[Black "Kernetsky, Myron"]
[Result "1/2-1/2"]
[WhiteElo "1993"]
[BlackElo "2027"]
[PlyCount "97"]
[EventDate "2014.04.01"]
[EventType "swiss"]
[EventRounds "5"]
[EventCountry "CAN"]

1. Nf3 d6 2. d4 f5 3. c4 Nf6 4. g3 g6 5. Bg2 Bg7 6. O-O O-O 7. Nc3 Qe8 8. b3 e5
9. dxe5 dxe5 10. Bb2 e4 11. Nd4 c6 12. e3 Nbd7 13. Qe2 Ne5 14. Rad1 Be6 15. Na4
Nfd7 16. Ba3 Rf7 17. Bd6 Nd3 18. f3 Nf6 19. Nc5 Nxc5 20. Bxc5 Bd7 21. Ba3 exf3
22. Bxf3 Bh6 23. Nc2 Qe6 24. Rd6 Qe5 25. Rfd1 Re8 26. Kg2 Bf8 27. R6d3 Bxa3 28.
Nxa3 Bc8 29. Nc2 Rfe7 30. Re1 Kg7 31. Qd1 c5 32. Qa1 Qxa1 33. Rxa1 b6 34. h3
Bb7 35. Rad1 Be4 36. Bxe4 Rxe4 37. Rd8 Kf7 38. Rxe8 Rxe8 39. Kf3 Ke6 40. Na3 a6
41. Nb1 Ne4 42. Rd3 Ng5+ 43. Kg2 Ne4 44. Kf3 Re7 45. Nd2 Nf6 46. e4 fxe4+ 47.
Nxe4 Nxe4 48. Kxe4 Rf7 49. Rd2 1/2-1/2

[Event "April TNT"]
[Site "Winnipeg CAN"]
[Date "2014.04.29"]
[Round "5.5"]
[White "Czarny, Keith"]
[Black "De Groot, Steven"]
[Result "0-1"]
[WhiteElo "1769"]
[BlackElo "1936"]
[PlyCount "46"]
[EventDate "2014.04.01"]
[EventType "swiss"]
[EventRounds "5"]
[EventCountry "CAN"]

1. b4 Nf6 2. Bb2 e6 3. a3 c5 4. bxc5 Bxc5 5. e3 Qb6 6. Qc1 d5 7. Nc3 Bd7 8. Nf3
O-O 9. Ne5 Be8 10. a4 a6 11. a5 Qc7 12. Na4 Bxa4 13. Rxa4 Bd6 14. Qa1 Qxc2 15.
Bd3 Qc7 16. O-O Bxe5 17. Bxe5 Qe7 18. Rc1 Nc6 19. Bb2 Rfc8 20. Rf4 e5 21. Rf5
g6 22. Bxe5 Nxe5 23. Rxe5 Rxc1+ 0-1

[Event "April TNT"]
[Site "Winnipeg CAN"]
[Date "2014.04.29"]
[Round "5.5"]
[White "Kernetsky, Myron"]
[Black "Boron, Anthony"]
[Result "1-0"]
[WhiteElo "2027"]
[BlackElo "2021"]
[PlyCount "101"]
[EventDate "2014.04.01"]
[EventType "swiss"]
[EventRounds "5"]
[EventCountry "CAN"]

1. d4 Nf6 2. c4 e6 3. Nf3 Bb4+ 4. Bd2 c5 5. dxc5 Bxc5 6. Nc3 O-O 7. e3 Nc6 8.
Rc1 b6 9. Be2 Bb7 10. O-O d5 11. cxd5 Nxd5 12. a3 Rc8 13. Qa4 a6 14. Rfd1 Nf6
15. Ne4 Nxe4 16. Qxe4 Qe7 17. Qg4 e5 18. Bc3 f6 19. Bc4+ Kh8 20. Nh4 g5 21. Rd7
f5 22. Ng6+ hxg6 23. Qh3+ Kg7 24. Rxe7+ Bxe7 25. Bd5 Bf6 26. e4 g4 27. Qe3 Ba8
28. Qxb6 Nd4 29. Qxa6 Bxd5 30. exd5 Rc7 31. Rd1 Rd7 32. d6 Rfd8 33. Bb4 f4 34.
Rc1 f3 35. gxf3 Nxf3+ 36. Kf1 Nxh2+ 37. Ke2 Nf3 38. Rc8 Nd4+ 39. Kf1 g3 40.
Rxd8 Rxd8 41. Qb7+ Kg8 42. fxg3 Nf5 43. Qd5+ Kg7 44. Kf2 Rh8 45. Qb7+ Kh6 46.
Qf7 Bg5 47. d7 Rd8 48. Kf3 e4+ 49. Kg4 Ne3+ 50. Kh3 Nf5 51. Bf8+ 1-0

[Event "April TNT"]
[Site "Winnipeg CAN"]
[Date "2014.04.29"]
[Round "5.5"]
[White "Lipnowski, Samuel"]
[Black "Magyar, Peter"]
[Result "1-0"]
[WhiteElo "2238"]
[BlackElo "1538"]
[PlyCount "43"]
[EventDate "2014.04.01"]
[EventType "swiss"]
[EventRounds "5"]
[EventCountry "CAN"]

1. c4 c5 2. Nf3 Nf6 3. d4 e6 4. Nc3 cxd4 5. Nxd4 Nc6 6. Ndb5 a6 7. Nd6+ Bxd6 8.
Qxd6 Qe7 9. Bf4 O-O 10. Qd2 b6 11. Bd6 Qe8 12. Bxf8 Qxf8 13. e3 d6 14. O-O-O a5
15. Qxd6 Qe8 16. Be2 g6 17. Bf3 Bb7 18. Nb5 Rd8 19. Bxc6 Qxc6 20. Qxd8+ Kg7 21.
Qc7 Qe4 22. Nd6 1-0

[Event "April TNT"]
[Site "Winnipeg CAN"]
[Date "2014.04.29"]
[Round "5.5"]
[White "Remillard, John"]
[Black "Reimer, Bruce"]
[Result "1-0"]
[WhiteElo "1731"]
[BlackElo "1627"]
[PlyCount "125"]
[EventDate "2014.04.01"]
[EventType "swiss"]
[EventRounds "5"]
[EventCountry "CAN"]

1. f4 Nf6 2. Nf3 b6 3. g3 Bb7 4. Bg2 d6 5. d4 e6 6. O-O g6 7. Nc3 Bg7 8. Ng5
Bxg2 9. Kxg2 Nc6 10. e4 Qd7 11. d5 exd5 12. Nxd5 h6 13. Nxf6+ Bxf6 14. Nf3
O-O-O 15. c3 h5 16. Be3 h4 17. Ng1 hxg3 18. hxg3 Rh7 19. Qf3 Rdh8 20. Rf2 Kb8
21. Rd1 Na5 22. e5 Rh2+ 23. Kf1 Qb5+ 24. Ke1 Be7 25. exd6 Bxd6 26. Rdd2 Rh1 27.
Rg2 Qe8 28. Rde2 Qa4 29. Bd4 Re8 30. Rxe8+ Qxe8+ 31. Re2 Qc6 32. Qxc6 Nxc6 33.
Bf2 Ne7 34. Kf1 c5 35. Kg2 Rh8 36. Nf3 f6 37. Re6 Kc7 38. Rxf6 Rg8 39. Ng5 Kd7
40. Ne4 Bc7 41. Rf7 a5 42. Nf6+ Ke6 43. Rxe7+ Kxe7 44. Nxg8+ Ke6 45. Nh6 c4 46.
Kf3 Kd5 47. Ng4 b5 48. Ne3+ Ke6 49. Ke4 Bb6 50. g4 Ba7 51. f5+ gxf5+ 52. gxf5+
Kf7 53. Bh4 Bc5 54. Nd5 b4 55. cxb4 axb4 56. Ne3 c3 57. bxc3 bxc3 58. Nc2 Bf8
59. Kd3 Bg7 60. a4 Be5 61. a5 Bc7 62. a6 Bb6 63. Kxc3 1-0

[Event "April TNT"]
[Site "Winnipeg CAN"]
[Date "2014.04.29"]
[Round "5.5"]
[White "Rutter, Blair"]
[Black "Atem, James"]
[Result "1-0"]
[WhiteElo "1889"]
[BlackElo "1857"]
[PlyCount "103"]
[EventDate "2014.04.01"]
[EventType "swiss"]
[EventRounds "5"]
[EventCountry "CAN"]

1. c4 e5 2. g3 Nf6 3. Bg2 Bc5 4. Nc3 O-O 5. e3 c6 6. Nge2 Na6 7. O-O g6 8. d4
exd4 9. exd4 Be7 10. h3 Nc7 11. Be3 d5 12. b3 Re8 13. Kh2 dxc4 14. bxc4 Nh5 15.
Qd2 Ng7 16. f4 Nf5 17. Bf2 Bb4 18. Rad1 Rxe2 19. Qxe2 Bxc3 20. Qd3 Ba5 21. g4
Nd6 22. Bg3 Na6 23. d5 c5 24. a3 f5 25. Bf3 Bd7 26. Rf2 Qf6 27. Re2 Bc3 28. Bf2
fxg4 29. hxg4 Rf8 30. Bg3 Bd4 31. Rde1 Rf7 32. Re6 Bxe6 33. dxe6 Re7 34. f5 Ne8
35. Kh3 g5 36. Qb3 b6 37. Qa4 Nac7 38. Bxc7 Nxc7 39. Qxa7 Be5 40. Kg2 Bc3 41.
Re2 Ba5 42. Qb7 Kg7 43. Qe4 Qa1 44. Qc2 Qxa3 45. f6+ Kxf6 46. Qf5+ Kg7 47.
Qxg5+ Kh8 48. Qxe7 h6 49. Qxc7 Bc3 50. e7 Kg7 51. e8=Q+ Kf6 52. Qce7# 1-0

[Event "April TNT"]
[Site "Winnipeg CAN"]
[Date "2014.04.29"]
[Round "5.5"]
[White "Wasserman, Leor"]
[Black "Clark, Leor"]
[Result "1/2-1/2"]
[WhiteElo "2020"]
[BlackElo "1986"]
[PlyCount "89"]
[EventDate "2014.04.01"]
[EventType "swiss"]
[EventRounds "5"]
[EventCountry "CAN"]

1. e4 c5 2. Nf3 d6 3. d4 cxd4 4. Nxd4 Nf6 5. Nc3 a6 6. Bc4 e6 7. Bb3 b5 8. Qf3
Bb7 9. Bg5 Be7 10. Bxe6 O-O 11. Bb3 b4 12. Nce2 Bxe4 13. Qg3 Nh5 14. Qg4 Bxg5
15. Qxe4 Ra7 16. O-O Re8 17. Qg4 g6 18. f4 Bf6 19. f5 Qc8 20. h3 Kh8 21. Kh1
Nd7 22. fxg6 hxg6 23. Rxf6 Ndxf6 24. Qg5 Nh7 25. Qd5 Qc5 26. Qf3 Ng5 27. Qf2
Rae7 28. Nf4 Ne4 29. Qh4 Neg3+ 30. Kh2 Re4 31. Nde6 Qf5 32. Qg4 Qxg4 33. hxg4
Nxf4 34. Nxf4 Ne2 35. Nd5 Kg7 36. Kh3 Nf4+ 37. Nxf4 Rxf4 38. Kg3 Ree4 39. Rd1
Rxg4+ 40. Kh2 Re2 41. Rg1 f5 42. Kh3 Kf6 43. c4 Kg5 44. g3 Re3 45. Bd1 1/2-1/2

[Event "April TNT"]
[Site "Winnipeg CAN"]
[Date "2014.04.29"]
[Round "5.5"]
[White "Wolchock, Theo"]
[Black "Baron, Gustav"]
[Result "1-0"]
[WhiteElo "1933"]
[BlackElo "1876"]
[PlyCount "61"]
[EventDate "2014.04.01"]
[EventType "swiss"]
[EventRounds "5"]
[EventCountry "CAN"]

1. c4 c6 2. g3 d5 3. c5 e5 4. d4 exd4 5. Qxd4 Qa5+ 6. b4 Qd8 7. Bb2 Nf6 8. Bg2
Be7 9. Nf3 Bf5 10. Nbd2 Nbd7 11. O-O O-O 12. Rfe1 Ne8 13. e4 dxe4 14. Nxe4 Bxe4
15. Qxe4 Bf6 16. Qc2 Nc7 17. Rad1 Nd5 18. Qd2 Bxb2 19. Qxb2 Qf6 20. Qxf6 N7xf6
21. Rd4 Rfe8 22. a3 Nc3 23. Rd3 Ncd5 24. Kf1 h6 25. h3 Rad8 26. Nd4 g6 27. b5
Rxe1+ 28. Kxe1 Rc8 29. bxc6 bxc6 30. Bxd5 cxd5 31. c6 1-0

[Event "Arnprior op"]
[Site "Arnprior CAN"]
[Date "2014.05.05"]
[Round "4"]
[White "Doubleday, William"]
[Black "Barclay, Wayne"]
[Result "1-0"]
[WhiteElo "2210"]
[BlackElo "2230"]
[PlyCount "89"]
[EventDate "2014.05.02"]
[EventType "swiss"]
[EventRounds "5"]
[EventCountry "CAN"]

1. d4 f5 2. Bg5 c5 3. e3 Qb6 4. Nc3 e6 5. Rb1 g6 6. Nf3 Bg7 7. Be2 Nf6 8. O-O
cxd4 9. exd4 d5 10. Bf4 a6 11. Na4 Qd8 12. Nc5 Nc6 13. c3 O-O 14. Ne5 Ne7 15.
Qc1 Ne4 16. Ncd3 Bd7 17. Bh6 Bb5 18. Bxg7 Kxg7 19. Nf4 Bd7 20. f3 Nd6 21. Qe3
Bc8 22. Bd3 Re8 23. Rfe1 Qc7 24. h4 Nc4 25. Bxc4 dxc4 26. Qf2 Nd5 27. Qg3 Nxf4
28. Qxf4 Bd7 29. Nxg6 Qxf4 30. Nxf4 Re7 31. Re5 Rae8 32. Rbe1 Kf7 33. Kf2 Bc8
34. a4 b6 35. d5 exd5 36. Rxe7+ Rxe7 37. Rxe7+ Kxe7 38. Nxd5+ Kd6 39. Nxb6 Be6
40. a5 Kc5 41. Ke3 Kb5 42. Kd4 f4 43. Nd5 Kxa5 44. Kxc4 Ka4 45. b4 1-0

[Event "Arnprior op"]
[Site "Arnprior CAN"]
[Date "2014.05.04"]
[Round "5"]
[White "Langer, Herb"]
[Black "Pacey, Kevin"]
[Result "1-0"]
[WhiteElo "1709"]
[BlackElo "2194"]
[PlyCount "57"]
[EventDate "2014.05.02"]
[EventType "swiss"]
[EventRounds "5"]
[EventCountry "CAN"]

1. d4 Nf6 2. Nf3 e6 3. c4 d5 4. e3 c5 5. cxd5 exd5 6. dxc5 Bxc5 7. Nc3 O-O 8.
Be2 Nc6 9. O-O Bg4 10. h3 Bh5 11. a3 a6 12. b4 Bd6 13. Bb2 Rc8 14. Qb3 Bxf3 15.
Bxf3 d4 16. Ne4 Be5 17. Rad1 Re8 18. Nxf6+ Qxf6 19. Bxc6 Qxc6 20. Bxd4 Bxd4 21.
Rxd4 Qc3 22. Qxc3 Rxc3 23. a4 g6 24. Rfd1 Rb3 25. a5 Rc8 26. Rd8+ Rxd8 27.
Rxd8+ Kg7 28. Rd4 Kf6 29. Rd6+ 1-0

[Event "Aurora CC Deep Winter RR"]
[Site "Aurora CAN"]
[Date "2014.01.13"]
[Round "1"]
[White "Pishdad, Hassan"]
[Black "Zhu, Richard"]
[Result "1-0"]
[WhiteElo "1106"]
[BlackElo "1115"]
[PlyCount "125"]
[EventDate "2014.01.13"]
[EventType "tourn"]
[EventRounds "5"]
[EventCountry "CAN"]

1. d4 d5 2. c4 e6 3. Nc3 Bb4 4. a3 Bxc3+ 5. bxc3 Nf6 6. e3 O-O 7. cxd5 exd5 8.
Bd3 b6 9. Ne2 c5 10. c4 dxc4 11. Bxc4 Re8 12. Bb2 Be6 13. Bxe6 Rxe6 14. dxc5
Qxd1+ 15. Rxd1 bxc5 16. Bxf6 gxf6 17. Rd8+ Kg7 18. Nf4 Re7 19. O-O Rb7 20. Nd5
Rd7 21. Rxd7 Nxd7 22. Rd1 Rc8 23. Ne7 Rc7 24. Nd5 Rc8 25. Nc3 c4 26. Rxd7 a5
27. Rd4 a4 28. Kf1 f5 29. Ke2 Kf6 30. f4 Ke6 31. Kd2 h5 32. Nxa4 h4 33. Nb6 c3+
34. Kc2 Rc6 35. Nc4 Rc5 36. Kxc3 Rd5 37. Rxd5 Kxd5 38. a4 Kc5 39. a5 Kb5 40.
Kd4 f6 41. Nd6+ Kxa5 42. Nxf5 Kb5 43. Nxh4 Kc6 44. g4 Kd6 45. e4 Kc6 46. e5
fxe5+ 47. Kxe5 Kd7 48. f5 Ke7 49. Ng6+ Kf7 50. h4 Kg7 51. g5 Kf7 52. h5 Kg7 53.
Nf4 Kf7 54. h6 Kg8 55. Ke6 Kf8 56. g6 Kg8 57. h7+ Kg7 58. f6+ Kh8 59. f7 Kg7
60. Nh5+ Kxg6 61. f8=Q Kxh5 62. h8=Q+ Kg6 63. Qff6# 1-0

[Event "Aurora CC Deep Winter RR"]
[Site "Aurora CAN"]
[Date "2014.01.20"]
[Round "2"]
[White "Bozinoski, Tom"]
[Black "Noritsyn, Sergey"]
[Result "0-1"]
[WhiteElo "1518"]
[BlackElo "2127"]
[PlyCount "102"]
[EventDate "2014.01.13"]
[EventType "tourn"]
[EventRounds "5"]
[EventCountry "CAN"]

1. Nf3 d5 2. d4 Nf6 3. g3 Bf5 4. Bg2 e6 5. c4 dxc4 6. Qa4+ Nc6 7. Nc3 Nd5 8.
Ne5 Qd6 9. Nxc4 Qd7 10. Nxd5 exd5 11. Nd2 Nb4 12. Qxd7+ Kxd7 13. O-O Nc2 14.
Rb1 Nxd4 15. e4 dxe4 16. Bxe4 Bxe4 17. Nxe4 Re8 18. Nc3 Kc8 19. Be3 Bc5 20. Kg2
Bb6 21. Na4 Nf5 22. Bd2 Re2 23. Nxb6+ axb6 24. Bc3 Rhe8 25. Kf3 f6 26. Rbd1 Nd6
27. Rfe1 Rxe1 28. Rxe1 Rd8 29. Rd1 Nb5 30. Rxd8+ Kxd8 31. Bd2 Kd7 32. Ke4 Ke6
33. g4 c5 34. f4 Nd6+ 35. Kd3 Kd5 36. g5 f5 37. h4 g6 38. a4 b5 39. axb5 Nxb5
40. b4 c4+ 41. Ke3 c3 42. Bc1 Kc4 43. h5 Kxb4 44. Kd3 Kb3 45. hxg6 hxg6 46. Be3
c2 47. Bc1 Nc3 48. Be3 Kb2 49. Kd4 Ne2+ 50. Kd5 c1=Q 51. Bxc1+ Kxc1 0-1

[Event "Aurora CC Deep Winter RR"]
[Site "Aurora CAN"]
[Date "2014.01.27"]
[Round "3"]
[White "Pishdad, Hassan"]
[Black "Noritsyn, Ivan"]
[Result "1-0"]
[WhiteElo "1106"]
[BlackElo "943"]
[PlyCount "79"]
[EventDate "2014.01.13"]
[EventType "tourn"]
[EventRounds "5"]
[EventCountry "CAN"]

1. d4 d5 2. c4 dxc4 3. Nc3 Nc6 4. e3 e6 5. Bxc4 Bb4 6. Nge2 Nf6 7. O-O O-O 8.
a3 Bxc3 9. Nxc3 e5 10. d5 Na5 11. Ba2 c6 12. b4 Nxd5 13. Nxd5 cxd5 14. bxa5
Qxa5 15. Qxd5 Qxd5 16. Bxd5 Rd8 17. e4 Be6 18. Bxb7 Rab8 19. Ba6 Rb6 20. Be2
Rdb8 21. Be3 Rb1 22. Raxb1 Rxb1 23. Rxb1 g6 24. Bxa7 Ba2 25. Rb2 Be6 26. Bb8 f5
27. exf5 Bxf5 28. Bxe5 Kf7 29. Bc4+ Ke7 30. Rb7+ Kd8 31. Rxh7 g5 32. Bf6+ Ke8
33. Re7+ Kf8 34. Bxg5 Bd3 35. Bxd3 Kg8 36. a4 Kh8 37. a5 Kg8 38. a6 Kf8 39. a7
Kg8 40. a8=Q# 1-0